Sports Quiz

Random Sports or MLB Quiz

MLB Postseason Hits Leaders per Series: 98-Present Quiz Stats

 Plays Quiz not verified by Sporcle

Challenge
Share
Tweet
Embed
Score 0/112 Timer 10:00
0 Plays Today
Year Player % Correct
2012Derek Jeter
100%
2009Derek Jeter
99.3%
2006Carlos Guillen and Derek Jeter
99.3%
2002Darin Erstad and Derek Jeter
99.3%
2000Derek Jeter and Paul O'Neill
99.3%
1999Derek Jeter
99.3%
2004Albert Pujols, Edgar Renteria and Larry Walker
97.2%
2005David Eckstein, Albert Pujols and Ramon Hernandez
96.5%
2012David Freese, Carlos Beltran and Ryan Zimmerman
96.3%
2013Yasiel Puig and Hanley Ramirez
96.3%
2000David Bell, Edgar Martinez, Alex Rodriguez and Herbert Perry
95.8%
2004Carlos Beltran and Andruw Jones
95.1%
2010Elvis Andrus, Nelson Cruz and Ian Kinsler
94.4%
2005A.J. Pierzynski, Aaron Rowand, Juan Uribe and David Ortiz
94.4%
2004Albert Pujols
94.4%
2008Manny Ramirez
93%
2004Manny Ramirez
93%
2004Alex Rodriguez
93%
1998Scott Brosius and Paul O'Neill
93%
2010Elvis Andrus and Michael Young
92.3%
2005Andruw Jones
92.3%
2001Andruw Jones
92.3%
2007David Ortiz
91.5%
1998Scott Brosius and Tony Gwynn
90.8%
2013Victor Martinez
90.7%
2013Victor Martinez
90.7%
2013David Ortiz
90.7%
2008Jason Bay, Chone Figgins, Vladimir Guerrero, Torii Hunter and Mark Teixeira
89.4%
2005Bengie Molina and Jason Giambi
89.4%
2013Matt Adams, Matt Holliday, Pedro Alvarez, Marlon Byrd and Justin Morneau
88.9%
2007Matt Holliday and Stephen Drew
88.7%
2011Jimmy Rollins
88%
2008Jimmy Rollins and J.J. Hardy
88%
2009Carlos Gonzalez
87.3%
2003Johnny Damon, Nomar Garciaparra and Eric Byrnes
86.6%
2001Chuck Knoblauch, Alfonso Soriano and Bret Boone
85.9%
2000Tino Martinez
85.2%
2012Pablo Sandoval
85.2%
Year Player % Correct
2011David Freese
84.5%
2011Robinson Cano and Brett Gardner
84.5%
2008Carl Crawford and Kevin Youkilis
83.1%
2004Johnny Damon
83.1%
2001Johnny Damon
83.1%
2003Bernie Williams
82.4%
2000Bernie Williams
82.4%
2010Edgar Renteria and Andres Torres
81.7%
2013Carl Crawford
79.6%
2009Vladimir Guerrero
79.6%
2006Frank Thomas, Justin Morneau and Rondell White
79.6%
2003Alfonso Soriano
78.2%
2010Buster Posey and Brian McCann
76.8%
2002Eric Chavez and Jermaine Dye
76.8%
2007Kevin Youkilis
76.1%
2011Ryan Braun
75.4%
2007Stephen Drew
73.2%
2005Jermaine Dye
73.2%
2005Craig Biggio
71.1%
2003Todd Walker
71.1%
2002Jim Edmonds
70.4%
2000Jim Edmonds
70.4%
1998Carlos Hernandez and Greg Vaughn
70.4%
2002Darin Erstad
68.3%
1999Bret Boone
67.6%
1999Bret Boone
67.6%
2006Jeff Kent
66.9%
2000Jeff Kent
66.9%
1998John Valentin and Mo Vaughn
66.9%
2007Kazuo Matsui and Yorvit Torrealba
66.2%
2004Hideki Matsui
66.2%
2009Shane Victorino
65.5%
2002Kenny Lofton and Vinny Castilla
65.5%
2011Lance Berkman
64.8%
2008Derrek Lee
64.8%
2009Andre Ethier and Rafael Furcal
63.4%
2013Jacoby Ellsbury
61.1%
2010Curtis Granderson
60.6%
Year Player % Correct
2006Placido Polanco and Milton Bradley
56.3%
2008Jayson Werth
55.6%
2007Jacoby Ellsbury
54.2%
2006Jose Reyes
54.2%
2003Moises Alou
52.8%
2001Ichiro Suzuki
52.8%
2009Bobby Abreu
51.4%
2001Steve Finley
51.4%
1998Steve Finley
51.4%
2011Mike Napoli and Desmond Jennings
47.2%
2012Brandon Phillips
46.3%
2010Brandon Phillips
45.8%
2009Michael Cuddyer and Denard Span
42.3%
2001Tony Womack
40.8%
2003Jeff Conine
37.3%
1999John Olerud
33.8%
2003Edgardo Alfonzo
33.1%
2000Edgardo Alfonzo
33.1%
1998Omar Vizquel
33.1%
2012Jhonny Peralta
31.5%
1999Eddie Perez
31%
2005Joe Crede
29.6%
2002J.T. Snow
29.6%
2010Freddy Sanchez
28.9%
2001Craig Counsell
28.9%
2012Omar Infante and Yoenis Cespedes
27.8%
2012Marco Scutaro
27.8%
2006Dave Roberts
24.6%
2007Jhonny Peralta
23.2%
2006Sean Casey
18.3%
2011Ramon Santiago
16.2%
2002Fernando Vina
15.5%
2008Akinori Iwamura
9.9%
1999Jose Offerman
5.6%
1998Keith Lockhart
3.5%
1999Mike Stanley
2.1%

You're not logged in!

Compare scores with friends on all Sporcle quizzes.
OR
Log In

You Might Also Like...

Show Comments

Extras

Top Quizzes Today


Score Distribution

Your Account Isn't Verified!

In order to create a playlist on Sporcle, you need to verify the email address you used during registration. Go to your Sporcle Settings to finish the process.

Report this User

Report this user for behavior that violates our Community Guidelines.

Details: